[Event "Titled Tue 24th Jun Early"]
[Site "chess.com INT"]
[Date "2025.06.24"]
[Round "3"]
[White "Moroni, Luca Jr"]
[Black "Vaganian, Rafael A"]
[Result "1/2-1/2"]
[WhiteTitle "GM"]
[BlackTitle "GM"]
[WhiteElo "2549"]
[BlackElo "2449"]
[WhiteFideId "865834"]
[BlackFideId "13300016"]
[EventDate "2025.06.24"]

1. d4 e6 2. Bf4 Bd6 3. e3 Nf6 4. Nd2 Bxf4 5. exf4 b6 6. Ngf3 Bb7 7. c3 c5 8. Bd3
O-O 9. O-O cxd4 10. Nxd4 Nc6 11. Nxc6 Bxc6 12. Qe2 Qc7 13. g3 Rfe8 14. Rfe1 d6
15. Nc4 Bb7 16. f3 b5 17. Nd2 b4 18. cxb4 Qb6+ 19. Qf2 Qxb4 20. Nc4 Red8 21.
Rec1 Bd5 22. a3 Qb7 23. Na5 Qb6 24. Qxb6 axb6 25. Nc6 Rd7 26. Rc3 Kf8 27. Kf2
Rc8 28. Rac1 Rdc7 29. Bb5 Nd7 30. g4 g6 31. Ke3 Nf6 32. Kd2 Ng8 33. Nd4 Rxc3 34.
Rxc3 Rxc3 35. Kxc3 e5 36. fxe5 dxe5 37. Nc6 f6 38. g5 Kg7 39. b4 Bxf3 40. a4
fxg5 41. a5 bxa5 42. bxa5 Nf6 43. Nxe5 Ba8 44. Kd4 h5 45. a6 g4 46. a7 Nd5 47.
Bc6 Nc7 48. Kc5 Kf6 49. Nd7+ Ke7 50. Nb6 h4 51. Bxa8 Nxa8 52. Nxa8 g3 53. hxg3
hxg3 54. Nc7 g2 55. a8=Q g1=Q+ 56. Kb5 Qb1+ 57. Kc5 Qc1+ 58. Kb6 Qb2+ 59. Nb5
Qf2+ 60. Kb7 Qf3+ 61. Ka7 Qxa8+ 62. Kxa8 Kf6 63. Nd4 Ke5 64. Nf3+ Kf4 65. Nd4
Ke4 66. Ne6 Ke5 67. Ng5 Kf5 68. Nf3 Kf4 69. Nd4 Ke3 70. Ne6 Ke4 71. Kb7 Ke5 72.
Ng5 Kf5 73. Nf3 Kf4 74. Nd4 Ke4 75. Ne6 Ke5 76. Ng5 Kf6 77. Nf3 Kf5 78. Nh4+ Kf6
79. Nxg6 1/2-1/2

[Event "Titled Tue 24th Jun Early"]
[Site "chess.com INT"]
[Date "2025.06.24"]
[Round "3"]
[White "Duarte Cramer, Lily Jeanette"]
[Black "Lam, Paul G M"]
[Result "0-1"]
[WhiteTitle "WCM"]
[WhiteElo "1828"]
[BlackElo "2110"]
[WhiteFideId "29620180"]
[BlackFideId "411566"]
[EventDate "2025.06.24"]

1. d4 Nc6 2. d5 Ne5 3. f4 Ng6 4. e4 e6 5. c4 exd5 6. cxd5 Bb4+ 7. Nc3 Nf6 8. Bd3
Qe7 9. Qe2 O-O 10. Bd2 Re8 11. O-O-O Bxc3 12. Bxc3 Nxf4 13. Qf3 Nxd3+ 14. Rxd3
Nxe4 15. Re3 d6 16. Nh3 Bxh3 17. Qxh3 Qg5 18. Re1 Nf2 19. Qf3 Nd3+ 20. Kb1 Nxe1
21. Rxe1 Rxe1+ 22. Bxe1 Re8 23. Bc3 Qg6+ 24. Kc1 Qe4 25. Qh3 Qe3+ 26. Qxe3 Rxe3
27. Bd4 Rd3 28. Bxa7 b6 29. Bb8 Rxd5 30. b4 Rd4 31. a3 Kf8 32. Kc2 Rc4+ 33. Kb3
d5 34. a4 Ke8 35. a5 bxa5 36. bxa5 Rc6 37. Kb4 Kd8 38. Kb5 Kc8 39. Kxc6 Kxb8 40.
Kxd5 Kb7 41. Kc5 f5 42. a6+ Kxa6 43. Kc6 g5 44. Kxc7 f4 45. Kd6 g4 46. Ke5 f3
47. gxf3 gxf3 48. Kf4 f2 49. Kg3 f1=Q 50. Kh4 Qf6+ 51. Kh5 Qg6+ 52. Kh4 Kb6 53.
h3 Qh6+ 54. Kg4 Kc5 55. Kg3 Kd5 56. Kg4 Ke4 57. h4 Ke5 58. h5 Ke4 59. Kh4 Kf5
60. Kg3 Qxh5 61. Kg2 Qg4+ 62. Kf2 Qe4 63. Kg3 Qf4+ 64. Kh3 Qg5 65. Kh2 Kf4 66.
Kh1 Kf3 67. Kh2 Qg2# 0-1

[Event "Titled Tue 24th Jun Early"]
[Site "chess.com INT"]
[Date "2025.06.24"]
[Round "3"]
[White "Mishra, Manoj"]
[Black "Ghimoyan, Narek"]
[Result "1-0"]
[WhiteTitle "CM"]
[BlackTitle "CM"]
[WhiteElo "1941"]
[BlackElo "2273"]
[WhiteFideId "5006007"]
[BlackFideId "13315412"]
[EventDate "2025.06.24"]

1. c4 e5 2. g3 Nc6 3. Bg2 f5 4. Nc3 Nf6 5. d3 Bb4 6. Bg5 O-O 7. a3 Bxc3+ 8. bxc3
h6 9. Bxf6 Qxf6 10. Qc2 d6 11. Nf3 Bd7 12. O-O Rae8 13. e3 b6 14. Rae1 Na5 15.
Nd2 Qf7 16. f4 exf4 17. gxf4 Bc6 18. Nf3 Qd7 19. Kh1 Re7 20. Rg1 Rfe8 21. Qf2
Nb7 22. Nd4 Bxg2+ 23. Qxg2 c5 24. Qd5+ Kh8 25. Nxf5 Rf7 26. e4 Qe6 27. Ref1 Qf6
28. Rg3 Rg8 29. Rfg1 Rd7 30. Rg6 Qf7 31. Qxf7 Rxf7 32. Nxh6 Rgf8 33. Nxf7+ Rxf7
34. f5 Rd7 35. h4 Nd8 36. f6 gxf6 37. Rxf6 Nc6 38. h5 Kh7 39. Rgg6 Ne5 40. Rh6+
Kg7 41. Rxd6 Rf7 42. Rhe6 Nd7 43. h6+ Kh7 44. Rg6 Ne5 45. Rg7+ Rxg7 46. hxg7
Kxg7 47. Rd5 Kf6 48. Rxe5 Kxe5 49. Kg2 Kf4 50. Kf2 a6 51. Ke2 b5 52. cxb5 axb5
53. Kd2 c4 54. d4 Kxe4 55. Ke2 Kf4 56. Kd2 Ke4 57. Kc2 Kf4 58. Kb2 Ke4 59. a4 b4
60. cxb4 Kd3 61. Kc1 Kxd4 62. Kc2 c3 63. b5 Kc4 64. b6 Kb4 65. b7 Ka3 66. b8=Q
Ka2 67. Qb3+ Ka1 68. Qb1# 1-0

[Event "Titled Tue 24th Jun Early"]
[Site "chess.com INT"]
[Date "2025.06.24"]
[Round "3"]
[White "Ezat, Mohamed"]
[Black "Yang, Daniel"]
[Result "0-1"]
[WhiteTitle "IM"]
[BlackTitle "CM"]
[WhiteElo "2299"]
[BlackElo "2198"]
[WhiteFideId "10600906"]
[BlackFideId "30976340"]
[EventDate "2025.06.24"]

1. e4 c5 2. d4 cxd4 3. c3 d5 4. exd5 Qxd5 5. Nf3 g6 6. cxd4 Bg7 7. Nc3 Qd8 8.
Bc4 Nf6 9. Ne5 O-O 10. O-O Nbd7 11. Qb3 e6 12. Nxf7 Rxf7 13. Bxe6 Qe7 14. Nb5
Nf8 15. Bxf7+ Qxf7 16. Qxf7+ Kxf7 17. Nc7 Rb8 18. Bf4 b6 19. Nb5 Ra8 20. Rac1
Be6 21. Rc7+ Kg8 22. Rxa7 Rd8 23. Be5 Bc4 24. Rc1 Bxb5 25. Rcc7 Ne6 26. Re7 Rd7
27. Ra8+ Nf8 28. Re6 Nd5 29. h4 Bxe5 30. Rxe5 Kf7 31. a4 Bc6 32. Rc8 Bxa4 33. g4
Ne6 34. Rh8 Kg7 35. Ra8 Kf7 36. Rxa4 Nef4 37. Rc4 Re7 38. Kh2 Rxe5 39. dxe5 Ke6
40. Kg3 Kxe5 41. Rc8 Ne2+ 42. Kg2 Nd4 43. Kf1 Nf4 44. Re8+ Nde6 45. Rh8 Nd3 46.
Rxh7 Nxb2 47. Rh6 Kf6 48. Rxg6+ Kxg6 49. h5+ Kg5 50. f3 Nd3 51. Ke2 Ndf4+ 52.
Ke3 b5 53. Kd2 b4 54. Kc2 Nd5 55. Kb3 Kf4 56. Kc4 Kxf3 57. h6 Ng5 58. Kb3 Kxg4
59. Kc4 Kf5 60. Kb3 Kg6 61. Kc4 Kxh6 62. Kb3 Kg6 63. Kc4 Kf5 64. Kb3 Ke4 65. Kc4
Ke3 66. Kb3 Kd3 67. Kb2 Kc4 68. Kb1 b3 69. Ka1 Kc3 70. Kb1 b2 71. Ka2 Kc2 72.
Ka3 b1=Q 73. Ka4 Qb4# 0-1

[Event "Titled Tue 24th Jun Early"]
[Site "chess.com INT"]
[Date "2025.06.24"]
[Round "3"]
[White "Steinberg, Nitzan"]
[Black "Demchenko, Yaroslav"]
[Result "1-0"]
[WhiteTitle "GM"]
[BlackTitle "CM"]
[WhiteElo "2554"]
[BlackElo "2263"]
[WhiteFideId "2801795"]
[BlackFideId "14186667"]
[EventDate "2025.06.24"]

1. d4 Nf6 2. Nf3 g6 3. g3 Bg7 4. Bg2 O-O 5. O-O d6 6. c4 Nc6 7. Nc3 e5 8. dxe5
Nxe5 9. Nxe5 dxe5 10. b3 c6 11. Ba3 Re8 12. Qc2 Bf5 13. e4 Bg4 14. f3 Be6 15.
Rfd1 Qa5 16. Qb2 Rad8 17. Bf1 Bf8 18. Bxf8 Kxf8 19. b4 Qc7 20. c5 Rxd1 21. Rxd1
Rd8 22. a3 h5 23. Kf2 h4 24. Rd2 hxg3+ 25. hxg3 Nh5 26. Nd1 Rd4 27. Rxd4 exd4
28. f4 Nxf4 29. gxf4 Qxf4+ 30. Ke1 Qxe4+ 31. Qe2 Qf4 32. Qf2 Qe4+ 33. Qe2 Qf4
34. Qd2 Qe4+ 35. Kf2 Bd5 36. Nb2 Qf3+ 37. Ke1 Qg3+ 38. Kd1 Bb3+ 39. Kc1 Qg1 40.
Qe1 Bd5 41. Qe2 Bg2 42. Qxg2 Qe3+ 43. Qd2 Qf3 44. Bd3 f5 45. Nc4 Kg7 46. Kc2 Qd5
47. Qh2 Qd7 48. Qe5+ Kh6 49. Nd6 b6 50. Qxd4 Qe7 51. Kd2 Kg5 52. Qe3+ Qxe3+ 53.
Kxe3 bxc5 54. bxc5 Kf6 55. Ba6 Ke5 56. Bc4 g5 57. Nf7+ Kf6 58. Kd4 g4 59. Ne5 g3
60. Bf1 f4 61. Bg2 Ke6 62. Nxc6 Kd7 63. Ne5+ Kc7 64. Kd5 Kb7 65. Kd6+ Kc8 66. c6
Kb8 67. c7+ Kc8 68. Bh3+ 1-0

[Event "Titled Tue 24th Jun Early"]
[Site "chess.com INT"]
[Date "2025.06.24"]
[Round "3"]
[White "Karpenko, Anton"]
[Black "Gan-Erdene, Sugar"]
[Result "1-0"]
[WhiteTitle "CM"]
[BlackTitle "IM"]
[WhiteElo "2219"]
[BlackElo "2454"]
[WhiteFideId "34374353"]
[BlackFideId "4902980"]
[EventDate "2025.06.24"]

1. e4 g6 2. d4 Bg7 3. Nf3 d6 4. Be2 a6 5. c4 b6 6. O-O Bb7 7. Nc3 Nd7 8. Be3 e5
9. d5 Ne7 10. Ne1 O-O 11. b4 f5 12. f3 a5 13. a3 axb4 14. axb4 Rxa1 15. Qxa1 Qa8
16. Nd3 fxe4 17. fxe4 Rxf1+ 18. Qxf1 Qa3 19. Qc1 Qb3 20. c5 Ba6 21. b5 Bxb5 22.
Nxb5 Qxb5 23. cxd6 cxd6 24. Qc7 Bf8 25. Qxd6 Qa4 26. Qe6+ Kg7 27. Kf2 Nf6 28.
Nxe5 Nxe4+ 29. Kg1 Nd6 30. Qxd6 Qe4 31. Nc4 Nxd5 32. Qd7+ Kg8 33. Bf3 Qb1+ 34.
Kf2 Qc2+ 35. Kg3 Nxe3 36. Nxe3 Qc5 37. Qd5+ Kg7 38. Qxc5 Bxc5 39. Nd5 Bd6+ 40.
Kh3 b5 41. Be2 b4 42. Bc4 Kf7 43. Nxb4+ Kf6 44. Nd3 Kf5 45. Bd5 h5 46. g3 g5 47.
Kg2 g4 48. Bb7 Kg5 49. Nf2 Be5 50. Bc8 Bc7 51. Ne4+ Kg6 52. Bd7 Be5 53. Be8+ Kf5
54. Bc6 Kg6 55. Nf2 Kf5 56. Be8 Kg5 57. Ne4+ Kf5 58. Nc5 Kg5 59. Ne6+ Kf6 60.
Nf8 Kg7 61. Nd7 Bd6 62. Bxh5 1-0

[Event "Titled Tue 24th Jun Early"]
[Site "chess.com INT"]
[Date "2025.06.24"]
[Round "3"]
[White "Livaic, Leon"]
[Black "Brown, Akeem"]
[Result "1-0"]
[WhiteTitle "GM"]
[BlackTitle "CM"]
[WhiteElo "2550"]
[BlackElo "2055"]
[WhiteFideId "14531534"]
[BlackFideId "7402023"]
[EventDate "2025.06.24"]

1. d3 Nf6 2. e4 e5 3. Nf3 Nc6 4. Be2 Bc5 5. O-O O-O 6. c3 Qe7 7. b4 Bb6 8. a4 a6
9. Na3 d5 10. Bg5 dxe4 11. dxe4 Rd8 12. Qc2 h6 13. Bh4 Bg4 14. Nc4 Bxf3 15. Bxf3
Ba7 16. b5 Nb8 17. Qe2 axb5 18. axb5 Nbd7 19. Ne3 Bxe3 20. Qxe3 Qc5 21. Qe2 g5
22. Bg3 Nf8 23. Rac1 Ne6 24. Bg4 Nf4 25. Bxf4 exf4 26. Bf5 Re8 27. Rfe1 Rad8 28.
h4 Kg7 29. c4 Qe5 30. c5 Rd4 31. Qb2 Rdd8 32. Qxe5 Rxe5 33. hxg5 hxg5 34. Rc4
Rde8 35. Rd1 Nxe4 36. Bxe4 Rxe4 37. Rxe4 Rxe4 38. Rd7 Rb4 39. Rxc7 Rxb5 40. f3
Kg6 41. Kh2 Rb3 42. Kh3 f6 43. Rc8 Kf5 44. Kh2 Rc3 45. Rc7 Rb3 46. Kh3 Rb2 47.
Kh2 Rb1 48. Rc8 Ke5 49. Rc7 Kd5 50. Kh3 Ke5 51. Kg4 Rb2 52. Re7+ Kd5 53. Kf5
Kxc5 54. Kxf6 Rxg2 55. Rxb7 Kd4 56. Re7 Rg3 57. Kf5 Rxf3 58. Kxg5 Re3 59. Rd7+
Ke4 60. Re7+ Kf3 61. Ra7 Re5+ 62. Kh4 Kf2 63. Ra1 f3 64. Rb1 Ke3 65. Kg4 Re4+
66. Kg3 Ke2 67. Rb2+ Ke3 68. Rb3+ Kd4 69. Kxf3 Ke5 70. Rb5+ 1-0

[Event "Titled Tue 24th Jun Early"]
[Site "chess.com INT"]
[Date "2025.06.24"]
[Round "3"]
[White "Kramnik, Vladimir"]
[Black "Liu, Xiangyi"]
[Result "1/2-1/2"]
[WhiteTitle "GM"]
[BlackTitle "IM"]
[WhiteElo "2753"]
[BlackElo "2370"]
[WhiteFideId "4101588"]
[BlackFideId "8605718"]
[EventDate "2025.06.24"]

1. Nf3 d5 2. e3 Nf6 3. c4 c6 4. Nc3 g6 5. d4 Bg7 6. h3 O-O 7. Bd3 dxc4 8. Bxc4
Nbd7 9. O-O b5 10. Bb3 Bb7 11. Bd2 a6 12. a4 b4 13. Ne2 a5 14. Rc1 Ne4 15. Qc2
c5 16. Rfd1 Rc8 17. d5 Nd6 18. Bc4 Nxc4 19. Qxc4 Nb6 20. Qb5 Bxd5 21. Be1 Qc7
22. Qxa5 Qb7 23. Rxc5 Nc4 24. Qxb4 Bxf3 25. gxf3 Qxf3 26. Rxc4 Qxe2 27. Rxc8
Rxc8 28. Qg4 Qxg4+ 29. hxg4 Bxb2 30. a5 Rc4 31. f3 Kg7 32. Rb1 Bf6 33. e4 h5 34.
gxh5 gxh5 35. Kg2 Ra4 36. Rd1 e6 37. Kh3 Ra3 38. Kg2 Be5 39. Rd7 Ra2+ 40. Kf1
Kg6 41. Rd2 Ra3 42. Rg2+ Kh7 43. Ke2 Ra2+ 44. Kf1 Ra3 45. Rg5 f6 46. Rxh5+ Kg6
47. Rh3 Bf4 48. Kg2 Ra2+ 49. Kf1 Ra1 50. Ke2 Ra2+ 51. Kd3 Ra3+ 52. Kc4 Ra1 53.
Bb4 f5 54. exf5+ exf5 55. Rh8 Bc7 56. Rg8+ Kh5 57. Ra8 Kg5 58. a6 Kf4 59. Kb5
Kxf3 60. Rc8 Bf4 61. Bc5 Be3 62. Bxe3 Kxe3 63. Re8+ Kf3 64. Re5 f4 65. Kb6 Rxa6+
66. Kxa6 Kg2 67. Re8 f3 68. Rf8 f2 69. Rxf2+ Kxf2 1/2-1/2

[Event "Titled Tue 24th Jun Early"]
[Site "chess.com INT"]
[Date "2025.06.24"]
[Round "3"]
[White "Bortnyk, Olexandr"]
[Black "Sahib, Singh"]
[Result "1-0"]
[WhiteTitle "GM"]
[BlackTitle "FM"]
[WhiteElo "2601"]
[BlackElo "2407"]
[WhiteFideId "14120828"]
[BlackFideId "25618342"]
[EventDate "2025.06.24"]

1. d4 Nf6 2. Nc3 d5 3. Bf4 e6 4. Nb5 Na6 5. e3 c6 6. Nc3 Nc7 7. Nf3 Bd6 8. Ne5
O-O 9. Bd3 c5 10. dxc5 Bxc5 11. Qf3 Nd7 12. Qg3 Ne8 13. Nxd7 Bxd7 14. O-O f6 15.
e4 e5 16. Bd2 d4 17. Nd5 Be6 18. f4 Bxd5 19. exd5 e4 20. Bxe4 f5 21. Bd3 Qxd5
22. Rfe1 Bd6 23. b3 Kh8 24. Qg5 Nc7 25. Re2 Ne6 26. Qh4 Nc5 27. Rae1 Qc6 28. Qh3
Qd5 29. Bc4 Qc6 30. Bd3 Qd5 31. Bc1 Rad8 32. Bc4 Qc6 33. a4 Ne4 34. Bd3 Bc5 35.
Kf1 Rde8 36. Qf3 Bd6 37. Bb2 Qd5 38. Kg1 Bc5 39. g3 g5 40. fxg5 Kg8 41. h4 Kg7
42. Kg2 Qd6 43. Bc1 Qd5 44. h5 Bd6 45. h6+ Kg6 46. Rh1 Nc3 47. Qxd5 Nxd5 48.
Rhe1 Ne3+ 49. Bxe3 dxe3 50. Rxe3 Rxe3 51. Rxe3 Kxg5 52. Re6 Rf6 53. Rxf6 Kxf6
54. g4 Bf8 55. Bxf5 Bxh6 56. Bxh7 Kg5 57. Bf5 Bf8 58. Kf3 a5 59. Ke4 b6 60. Kd5
Bc5 61. Kc4 Kf4 62. c3 Kg5 63. b4 Be3 64. bxa5 bxa5 65. Kb5 Bd2 66. c4 Kf4 67.
c5 Ke5 68. c6 Kd6 69. Kb6 Be3+ 70. Kb7 1-0

[Event "Titled Tue 24th Jun Early"]
[Site "chess.com INT"]
[Date "2025.06.24"]
[Round "3"]
[White "Melaugh, Shane"]
[Black "Liashkevich, Lizaveta"]
[Result "0-1"]
[WhiteTitle "CM"]
[BlackTitle "WFM"]
[WhiteElo "2180"]
[BlackElo "2204"]
[WhiteFideId "2509580"]
[BlackFideId "13518658"]
[EventDate "2025.06.24"]

1. e4 e5 2. Nf3 Nc6 3. d4 exd4 4. Bc4 Nf6 5. Ng5 Ne5 6. Qxd4 Qe7 7. Bf4 Nxc4 8.
Qxc4 h6 9. Nf3 d5 10. Qxc7 dxe4 11. Qxe7+ Bxe7 12. Nfd2 Nd5 13. Be5 e3 14. Nf3
O-O 15. Nc3 exf2+ 16. Kxf2 Bc5+ 17. Kg3 Ne3 18. h3 Nxc2 19. Rac1 Bf5 20. Kh2
Rad8 21. Rhd1 Be3 22. Rxd8 Rxd8 23. Rf1 f6 24. Bg3 Bc5 25. Ne1 Ne3 26. Rf3 Bg6
27. Bf4 Nf5 28. Rf1 Nd4 29. Nf3 Nxf3+ 30. Rxf3 Bd4 31. Be3 Bxe3 32. Rxe3 Kf7 33.
Re2 a6 34. Kg3 Bf5 35. Rf2 Rd3+ 36. Kh2 Be6 37. a3 f5 38. Ne4 Ke7 39. Nc5 Rd5
40. Nxb7 Rb5 41. Nd8 Kxd8 42. Rd2+ Ke7 43. b4 a5 44. Rd4 a4 45. Kg3 Bb3 46. Kf4
Kf6 47. Rd6+ Kf7 48. Ra6 Rd5 49. Ra7+ Kg6 50. Ra6+ Kh7 51. g4 fxg4 52. hxg4 Bc2
53. Ra5 Rd3 54. b5 Rxa3 55. Ke5 Ra1 56. Kd6 Rb1 57. b6 Be4 58. Kc5 Bc2 59. Rb5
Rxb5+ 60. Kxb5 Be4 61. Kxa4 Kg6 62. Kb4 Kg5 63. Kc5 Kxg4 64. Kd4 Bg2 65. Ke5 h5
66. Kd6 h4 67. Ke7 h3 68. b7 Bxb7 0-1

[Event "Titled Tue 24th Jun Early"]
[Site "chess.com INT"]
[Date "2025.06.24"]
[Round "3"]
[White "Murawski, Jan"]
[Black "Asensio Ramos, Enrique Fernando"]
[Result "0-1"]
[WhiteTitle "CM"]
[BlackTitle "CM"]
[WhiteElo "2164"]
[BlackElo "2200"]
[WhiteFideId "21009287"]
[BlackFideId "2214172"]
[EventDate "2025.06.24"]

1. c4 e5 2. Nc3 Nf6 3. Nf3 e4 4. Ng5 c6 5. Qa4 Qe7 6. Qc2 b5 7. Ngxe4 bxc4 8.
Nxf6+ Qxf6 9. Qe4+ Qe6 10. Qd4 d5 11. h4 Nd7 12. Rh3 Qf6 13. Re3+ Be7 14. Qxf6
Nxf6 15. d4 cxd3 16. Rxd3 Bf5 17. Rd1 O-O 18. Bf4 Rfe8 19. e3 a5 20. Bd3 Bg4 21.
f3 Bc8 22. Rac1 Nh5 23. Bg5 Bxg5 24. hxg5 Rxe3+ 25. Kf2 Re8 26. Ne2 g6 27. Rxc6
a4 28. a3 Rb8 29. Rdc1 Be6 30. R1c2 Ng7 31. g4 Red8 32. Nd4 Rb7 33. Bb5 Kf8 34.
Bxa4 Rdb8 35. b4 Ra8 36. Bb5 Rxa3 37. R6c3 Rxc3 38. Rxc3 Ne8 39. Bxe8 Kxe8 40.
Rb3 Kd7 41. b5 Kd6 42. b6 Bd7 43. Rb4 Kc5 44. Nc2 Rxb6 45. Rxb6 Kxb6 46. Ke3 Kc5
47. Nd4 Ba4 48. Ne2 Bb3 49. Nd4 Bc4 50. Nc2 Kd6 51. Kd4 Bb3 52. Ne3 Ke6 53. f4
Kd6 54. f5 Ba2 55. f6 Ke6 56. Nf1 Bb3 57. Ne3 Kd6 58. Ng2 Bd1 59. Ne3 Bf3 60.
Nc2 Bxg4 61. Nb4 Be6 62. Na6 Kc6 63. Nc5 Kd6 64. Nd3 Bc8 65. Nf4 Bb7 66. Ne2 Ke6
67. Nc3 Kf5 68. Nxd5 Bxd5 69. Kxd5 Kxg5 70. Ke5 h5 0-1

[Event "Titled Tue 24th Jun Early"]
[Site "chess.com INT"]
[Date "2025.06.24"]
[Round "3"]
[White "Garcia Garcia, Adrian Antonio"]
[Black "Gong, Qianyun"]
[Result "1/2-1/2"]
[WhiteTitle "CM"]
[BlackTitle "WGM"]
[WhiteElo "2157"]
[BlackElo "2228"]
[WhiteFideId "2206587"]
[BlackFideId "8602425"]
[EventDate "2025.06.24"]

1. e4 c5 2. Nf3 Nc6 3. c3 Nf6 4. e5 Nd5 5. d4 cxd4 6. cxd4 d6 7. Bc4 Nb6 8. Bb5
Bd7 9. exd6 e6 10. O-O Bxd6 11. Nc3 O-O 12. Ne4 Be7 13. Bf4 a6 14. Bd3 Nb4 15.
Bb1 N4d5 16. Bg3 Rc8 17. a3 h6 18. b4 Ba4 19. Qd3 Bb5 20. Qd2 Bxf1 21. Kxf1 f5
22. Nc5 Bxc5 23. bxc5 Nc4 24. Qe2 b5 25. Qxe6+ Kh8 26. Be5 Nxe5 27. Nxe5 Ne7 28.
Qxe7 Qxd4 29. Ng6+ Kh7 30. Nxf8+ Rxf8 31. Bxf5+ Rxf5 32. Qe1 Rxc5 33. Rd1 Qc4+
34. Kg1 Qc2 35. h3 Rg5 36. Rd2 Qc6 37. f4 Rc5 38. Kh2 Rc4 39. Qf2 Qe4 40. f5
Qe5+ 41. g3 Rc3 42. Re2 Qf6 43. Re6 Qf7 44. Rxa6 Qc7 45. Re6 Rc2 46. Re2 Rc3 47.
h4 Rxa3 48. Rc2 Qe5 49. Re2 Qf6 50. Re6 Qf7 51. Qc2 Rf3 52. f6+ Qg6 53. Qxg6+
Kxg6 54. fxg7+ Kxg7 55. Rb6 Rb3 56. Kh3 h5 57. Kg2 Kf7 58. Kf2 Ke7 59. Rh6 Kf7
60. Rxh5 Kg6 61. Rg5+ Kf6 62. Rc5 Kg6 63. g4 b4 64. Rc6+ Kf7 65. Rb6 Kg7 66. h5
Kh7 67. g5 Rh3 68. Rb7+ Kg8 69. h6 Rh5 70. Rg7+ Kh8 71. Ke3 Rh4 72. Rb7 Rg4 73.
g6 Rxg6 74. h7 Rg7 75. Rxg7 Kxg7 76. Kd3 Kxh7 77. Kc4 Kg6 78. Kxb4 1/2-1/2

[Event "Titled Tue 24th Jun Early"]
[Site "chess.com INT"]
[Date "2025.06.24"]
[Round "3"]
[White "Jasinski, Alexander"]
[Black "Dubnevych, Maksym"]
[Result "0-1"]
[BlackTitle "FM"]
[WhiteElo "1989"]
[BlackElo "2296"]
[WhiteFideId "55627994"]
[BlackFideId "14184001"]
[EventDate "2025.06.24"]

1. e4 a6 2. d4 g6 3. Nf3 d6 4. Nc3 Bg7 5. h3 e5 6. Be3 Nc6 7. Be2 Nf6 8. O-O O-O
9. dxe5 dxe5 10. Qxd8 Rxd8 11. Bg5 Be6 12. Rad1 h6 13. Bxf6 Bxf6 14. Nd5 Bxd5
15. exd5 Nb4 16. c4 Nxa2 17. Nd2 b6 18. Bf3 Bg7 19. g4 Nb4 20. Ne4 Rab8 21. Kg2
b5 22. c5 Nxd5 23. Rxd5 Rxd5 24. Nf6+ Bxf6 25. Bxd5 Rd8 26. Bb7 a5 27. Ra1 a4
28. Bc6 Rb8 29. Rd1 e4 30. Rd2 Be7 31. Rd7 Bxc5 32. Bxe4 Bd6 33. Bd5 Rf8 34. Bc6
Rb8 35. Bd5 b4 36. Bxf7+ Kf8 37. Bxg6 a3 38. bxa3 bxa3 39. Bf7 Rb2 40. Bc4 Be5
41. Rh7 Bg7 42. g5 hxg5 43. Rh5 a2 44. Bxa2 Rxa2 45. Rxg5 Rc2 46. h4 c5 47. Rf5+
Kg8 48. Kf3 Bd4 49. Rg5+ Kh7 50. Rg2 Kh6 51. Ke4 Rxf2 52. Rg5 Rh2 53. Rg8 Rxh4+
54. Kd5 Rf4 55. Kc4 Kh7 56. Ra8 Kg6 57. Rc8 Kf5 58. Rf8+ Kg4 59. Rg8+ Kf3 60.
Re8 Be3+ 61. Kd3 Rd4+ 62. Kc3 Ke2 63. Rh8 Re4 64. Rh5 Bd2+ 65. Kc2 Rc4+ 66. Kb3
Rc3+ 67. Kb2 Rc4 68. Kb3 Rb4+ 69. Kc2 Be3 70. Rh2+ Kf3 71. Rh3+ Ke4 72. Rh4+ Kd5
73. Rh5+ Kc4 74. Rh4+ Bd4 75. Rh8 Rb2+ 76. Kc1 Re2 77. Rb8 Kc3 78. Kd1 Rd2+ 79.
Kc1 Be3 80. Kb1 Rd4 81. Ka2 Ra4+ 82. Kb1 Rb4+ 0-1

[Event "Titled Tue 24th Jun Early"]
[Site "chess.com INT"]
[Date "2025.06.24"]
[Round "3"]
[White "Evdokimov, Alexey"]
[Black "Kononenko, Dmitry2"]
[Result "0-1"]
[WhiteTitle "FM"]
[BlackTitle "FM"]
[WhiteElo "2205"]
[BlackElo "2205"]
[WhiteFideId "24162450"]
[BlackFideId "14113538"]
[EventDate "2025.06.24"]

1. Nf3 c5 2. c4 Nc6 3. Nc3 g6 4. e3 Nf6 5. d4 cxd4 6. exd4 d5 7. cxd5 Nxd5 8.
Bc4 Nxc3 9. bxc3 Bg7 10. O-O O-O 11. Rb1 Bg4 12. h3 Bf5 13. Bd3 Bxd3 14. Qxd3 b6
15. Be3 Rc8 16. c4 Na5 17. Rfc1 Qd6 18. Qe2 Rfd8 19. c5 Qd5 20. cxb6 Rxc1+ 21.
Bxc1 axb6 22. Rxb6 e6 23. Be3 Nc4 24. Rb1 Ra8 25. Bf4 h6 26. Rd1 Kh7 27. Qc2 Nb6
28. Rd2 Qd7 29. Qb3 Nd5 30. Be5 Qa7 31. Bxg7 Kxg7 32. Ne5 Rb8 33. Qf3 Rb1+ 34.
Kh2 Ra1 35. g3 Nf6 36. Qb3 Ne4 37. Re2 Qxd4 38. Nf3 Qc5 39. Qb2+ Qc3 40. Ne5
Qxb2 41. Rxb2 Kf6 42. Nc4 Nc3 43. a3 e5 44. Kg2 e4 45. Rb6+ Ke7 46. Rb3 Nd5 47.
Ne3 Nxe3+ 48. Rxe3 f5 49. Rb3 Kf6 50. h4 g5 51. Rb6+ Ke5 52. Rxh6 gxh4 53. Rxh4
Rxa3 54. Rh8 Ra2 55. Re8+ Kd4 56. Kg1 Kd3 57. Kf1 Ra1+ 58. Kg2 Ra5 59. Re7 Ke2
60. Re6 Ke1 61. g4 Ra2 0-1

[Event "Titled Tue 24th Jun Early"]
[Site "chess.com INT"]
[Date "2025.06.24"]
[Round "3"]
[White "Mizzi, Jack"]
[Black "Sahetchian, Armand"]
[Result "0-1"]
[WhiteTitle "CM"]
[BlackTitle "CM"]
[WhiteElo "2107"]
[BlackElo "2024"]
[WhiteFideId "5602521"]
[BlackFideId "607150"]
[EventDate "2025.06.24"]

1. d4 Nf6 2. c4 e6 3. Nf3 Bb4+ 4. Nbd2 b6 5. g3 Bb7 6. Bg2 Ne4 7. O-O Nxd2 8.
Bxd2 Bxd2 9. Qxd2 d6 10. Rac1 Nd7 11. Rfd1 Nf6 12. Ne1 Bxg2 13. Kxg2 O-O 14. Qd3
Qe7 15. c5 e5 16. cxd6 cxd6 17. dxe5 dxe5 18. Qd6 Qb7+ 19. Qc6 Qe7 20. Qd6 Qb7+
21. Qc6 Qe7 22. Nf3 h6 23. Qd6 Rfe8 24. Qxe7 Rxe7 25. Rc6 e4 26. Nd4 Rd8 27. e3
Ng4 28. Rdc1 Ne5 29. Rc7 Rdd7 30. Rc8+ Kh7 31. Ra8 Nd3 32. Rcc8 Rc7 33. Rh8+ Kg6
34. h4 Ne1+ 35. Kh3 Nf3 36. Nxf3 exf3 37. Kg4 Re6 38. Rac8 h5+ 39. Kxf3 Rf6+ 40.
Ke2 Rd7 41. Rhd8 Re7 42. Rd5 Rf5 43. Rc6+ f6 44. Rxf5 Kxf5 45. Rc4 g5 46. hxg5
fxg5 47. Rc8 Rh7 48. Kf3 h4 49. g4+ Ke5 50. Re8+ Kd5 51. Kg2 Rg7 52. Rf8 Kc4 53.
Rd8 a5 54. Kh3 Rf7 55. f4 gxf4 56. exf4 Rxf4 57. Kxh4 Rf2 58. g5 Rxb2 59. g6 Rg2
60. Kh5 b5 61. Kh6 b4 62. g7 a4 63. Rc8+ Kd3 64. Ra8 a3 65. Rc8 Rxa2 66. g8=Q
Rh2+ 67. Kg7 Rg2+ 68. Kf7 Rxg8 69. Kxg8 a2 70. Ra8 b3 71. Kf7 b2 72. Rxa2 b1=Q
73. Ra6 Qb7+ 0-1

[Event "Titled Tue 24th Jun Early"]
[Site "chess.com INT"]
[Date "2025.06.24"]
[Round "3"]
[White "Fernandes, Rogerio Paulo Muller"]
[Black "Dreelinck, Jacob"]
[Result "0-1"]
[BlackTitle "FM"]
[WhiteElo "2241"]
[BlackElo "2266"]
[WhiteFideId "2101599"]
[BlackFideId "250511"]
[EventDate "2025.06.24"]

1. c4 e5 2. g3 h5 3. h4 d5 4. Bg2 d4 5. d3 Nc6 6. Nf3 Bg4 7. Nbd2 f6 8. a3 a5 9.
Rb1 Nh6 10. Ne4 Nf7 11. Bd2 a4 12. O-O Be7 13. b4 axb3 14. Qxb3 O-O 15. Qxb7 Qd7
16. Qb2 Bxa3 17. Qc2 Be7 18. Rb2 Bxf3 19. Bxf3 f5 20. Ng5 Nxg5 21. Bxg5 Bxg5 22.
hxg5 Ra6 23. Bxh5 Ne7 24. f4 Re6 25. Bf3 exf4 26. gxf4 Re3 27. Rf2 c6 28. Qb1
Ng6 29. Bg2 Qd6 30. Qf1 Rfe8 31. Rb6 Nh4 32. Rxc6 Qa3 33. Bd5+ Kf8 34. Rh2 Rg3+
35. Kh1 Rg4 36. Rf2 Qe7 37. Bf3 Qe3 38. Bxg4 fxg4 39. Rh2 Qg3 40. Qg1 Qxg1+ 41.
Kxg1 Ng6 42. f5 Nf4 43. g6 Nxe2+ 44. Kf2 g3+ 45. Kg2 gxh2 46. Kxh2 Nf4 47. Kg3
Nxd3 48. Rd6 Nc5 49. Rxd4 Nb7 50. Rd7 Nc5 51. Rf7+ Kg8 52. Kf4 Rc8 53. f6 gxf6
54. Rxf6 Nd7 55. Rd6 Rxc4+ 56. Kf5 Nf8 57. Rd8 Rc5+ 58. Kg4 Kg7 59. Rd7+ Kxg6
60. Rd6+ Kg7 61. Rd4 Rc6 62. Rf4 Rg6+ 63. Kf3 Nh7 64. Rg4 Ng5+ 65. Kf4 Kf6 66.
Kg3 Rg8 67. Kf4 Ne6+ 68. Kf3 Ra8 69. Re4 Ra3+ 70. Re3 Ra4 71. Ke2 Kf5 72. Rf3+
Ke5 73. Re3+ Kd5 74. Rd3+ Nd4+ 75. Ke3 Ke5 76. Kd2 Nf5 77. Rc3 Ra2+ 78. Rc2 Ra8
79. Rc5+ Ke4 80. Rc4+ Nd4 0-1